[Event "Landesliga U20 Sued 1112"]
[Site "Bayern"]
[Date "2012.03.10"]
[Round "6.3"]
[White "Puettner, Anna Theresa"]
[Black "Muenk, Robin"]
[Result "0-1"]
[WhiteElo "707"]
[BlackElo "743"]
[PlyCount "46"]
[EventDate "2011.11.12"]
[EventType "team-tourn"]
[EventRounds "7"]
[EventCountry "GER"]
[SourceTitle "EXT 2022"]
[Source "ChessBase"]
[SourceDate "2021.10.06"]
[SourceVersion "1"]
[SourceVersionDate "2021.10.06"]
[SourceQuality "1"]
[WhiteTeam "Ortenburg U20"]
[BlackTeam "Vaterstetten SC U20 II"]
[WhiteTeamCountry "GER"]
[BlackTeamCountry "GER"]

1. d4 d5 2. Bd2 Nc6 3. Nc3 Nf6 4. e3 Bf5 5. Nf3 e6 6. Ne5 Nxe5 7. dxe5 Ne4 8. Nxe4 Bxe4 9. Bb5+ c6 10. Ba4 Bc5 11. Qe2 d4 12. f3 d3 13. Qd1 dxc2 14. Qc1 Qd3 15. fxe4 Qxe4 16. Bxc2 Qxg2 17. Rf1 Qxh2 18. Be4 Qh4+ 19. Kd1 Qxe4 20. Qxc5 0-0-0 21. Rf2 Qh1+ 22. Ke2 Qxa1 23. Ba5 Qd1# 0-1